000 00615nam a2200193 i 4500
001 24347
003 ES-MaACL
005 20230906153031.0
007 t|
008 021217s1977 sp ||||1| spa d
245 0 3 _aEl análisis institucional
_b: (por un cambio de las instituciones) /
_cLapassade... [et al.] ; edición de Juan C. Ortigosa.
250 _a[1ª ed.].
260 _a[Madrid] :
_bCampo Abierto,
_c[1977]
300 _aXXVI, 267 p. ;
_c21 cm.
700 1 _aLapassade.
_970136
700 1 _aOrtigosa, Juan C.
_987539
852 _aES-MaACL
_jL-3161
_bR.103953
852 _aES-MaACL
_jA-7604
_bR.96789
999 _c24347
_d24347